| 000 | 00602nam a2200229Ia 4500 | ||
|---|---|---|---|
| 008 | 160803s9999 xx 000 0 und d | ||
| 020 | _a9780531268018 | ||
| 100 | _aKittinger, Jo S. | ||
| 245 | _aGoing to the beach / | ||
| 245 | _cwritten by Jo S. Kittinger ; illustrated by Shari Warren. | ||
| 260 | _aNew York : | ||
| 260 | _bScholastic Inc. | ||
| 260 | _c2012 | ||
| 300 | _a32 pages : | ||
| 300 | _bcolor illustrations ; | ||
| 300 | _c19 cm. | ||
| 440 | _aRookie ready to learn. | ||
| 650 | _aBeaches -- | ||
| 650 | _aBeaches. | ||
| 650 | _xJuvenile literature. | ||
| 700 | _aBR | ||
| 999 |
_c299687 _d299687 |
||